000 01647nam0a2200349 4500
001 RU\NLR\BIBL_A\022579466
005 20260420050405.0
010 _a978-5-9908944-8-8
_91000
021 _aRU
_bКН-П-25-027641
_9КН-П-25-2738
035 _a(NLR Aleph) 022579466
090 _a13676865
_c13676865
100 _a20250703d2025 u y0rusy50 ca
101 1 _arus
_cund
102 _aRU
105 _aa z 000ay
181 0 _ai
_baxxe
182 0 _an
200 1 _aПарк Асакуса
_eсборник рассказов
_fРюноскэ Акутагава
_g[перевод: Светлана Тора и др.
_gсоставитель: Полина Гуленок
_gиллюстрации: Анастасия Рассказова]
203 _aТекст
_bвизуальный
_cнепосредственный
210 _aСанкт-Петербург
_cIcebook (Иван Горячев)
_d2025
215 _a285 с.
_cцв. ил.
_d17
327 1 _aСодерж.: Дракон ; Еретик ; Разбойники ; Старость ; Трубка ; Куклы Норома ; Письмо четвертого мужа ; Лилия ; Парк Асакуса
686 1 _aШ6(5Я)67-440.5{Лх2318-80}
700 1 _7ca
_8rus
_aАкутагава
_bР.
_f1892-1927
_gРюноскэ
_9120404
_3RU\NLR\AUTH\7710638
702 1 _aТора
_bС.
_gСветлана
_4730
702 1 _aГуленок
_bП.
_gПолина
_4220
702 1 _aРассказова
_bА. М.
_gАнастасия М.
_4440
942 _cBOOK
980 _aNB